| 000 | 00704nam a22001337a 4500 | ||
|---|---|---|---|
| 040 | _cRUA | ||
| 082 | _aAVM POV 2018 B658 Or.1 | ||
| 100 | _aPOV PHEARA ពៅ ភារ៉ា | ||
| 245 | _aHAEMOP ARASITE IN NATIVE CHICKENS (Gallus gallus domesticus L.) AT OTAPONG COMMUNE,BAKAN DISTRICT, PURSAT PROVINCE បរាសិតក្នុងឈាមមាន់ពូជក្នុងស្រុក នៅឃុំអូរតាប៉ោងស្រុកបាកាន ខេត្តពោធិ័សាត់ | ||
| 260 |
_arua _bphnom penh _c2018 |
||
| 300 |
_ax;46p _bill; _c29cm |
||
| 856 | _uhttps://drive.google.com/file/d/1ihXxriuWo9IEGhdOg12xosPttcHV-6sS/view?usp=sharing | ||
| 942 | _cAVM | ||
| 999 |
_c18924 _d18924 |
||